| 000 | 01188nam a2200277 a 4500 | ||
|---|---|---|---|
| 001 | 000026452 | ||
| 005 | 20200930030230.0 | ||
| 008 | 110318s1986 ag a r 000 0 spa d | ||
| 020 | _a9501361276 | ||
| 040 |
_aDO-SdBNP _bspa _cBNPHU |
||
| 041 | 1 | 7 |
_aspa _heng _2Código de idioma MARC |
| 082 |
_axxx _bH394i |
||
| 100 | 1 |
_aHawkridge, David _953509 |
|
| 240 | 1 | 0 |
_aNew information technology in education. _lEspañol. |
| 245 | 1 | 0 |
_aInformática y educación : _blas nuevas tecnologías de la información en la práctica educativa / _cDavid Hawkridge ; traducción de Leandro Wolfson y Mauricio Prelooker. |
| 260 |
_aBuenos Aires, (Argentinas) : _bKapelusz, _c[1986]. |
||
| 300 |
_a215, [1] p. : _bil. ; _c23 cm. |
||
| 490 | 1 |
_aBiblioteca de cultura pedagógica _alos nuevos problemas educativos |
|
| 500 | _aIncluye notas al pie de las páginas | ||
| 504 | _aIncluye bibliografía (p. 205-215) | ||
| 534 |
_aTítulo del original en inglés: _tNew information technology in education. |
||
| 700 | 1 |
_aWolfson, Leandro, _etr. _98683 |
|
| 700 | 1 |
_aPrelooker, Mauricio, _etr. _953510 |
|
| 830 | 0 |
_aBiblioteca de cultura pedagógica _plos nuevos problemas educativos _953511 |
|
| 049 | _aBNGR | ||
| 999 |
_c25944 _d25944 |
||